000 00600nam a2200217Ia 4500
003 OSt
005 20220928145715.0
006 a|||||r|||| 00| 0
007 ta
008 220927b |||||||| |||| 00| 0 eng d
024 _a82295
037 _cTextual
040 _aSDCL
_cSDCL
_beng
041 _2eng
_aeng
082 _aV1-52,94'P, P2
100 _aDrake Michael S
_9514297
245 0 _aProblematics of military power
_bGovernment,discipline and the subject of voilence.
260 _c2002
942 _hV1-52,94'P, P2
_cTEXL
_2CC
999 _c835017
_d835017